000 00393nam a2200145Ia 4500
008 090123s9999 xx 000 0 und d
082 _b25650
245 _aनगीना का जाल
250 _a0
260 _bराज पॉकेट बुक्स
300 _a62
630 _aनगीना का जाल
730 _aनगीना का जाल
942 _cBOOK
999 _c63721
_d63721